| 000 | 00815cam a22001935a 4500 | ||
|---|---|---|---|
| 001 | L156360 | ||
| 008 | 120515s1837 xxk f 000 0 eng d | ||
| 035 | _a(Sirsi) u156360 | ||
| 041 | 0 | _aeng | |
| 100 | 1 |
_aMaynard, Samuel _d1790-1866 |
|
| 245 | 0 | 2 |
_aA key to Bonnycastle's introduction to mensuration _bcontaining the solution to all questions in that work conformable to the present improved state of the science, with references to the problems, rules, and notes by which the solutions are obtained _cby Samuel Maynard |
| 260 |
_aLondon _bLongman & Co. _bT. Cadell _bJ. Richardson _c1837 |
||
| 300 |
_axii, 121 p. _c18 cm. |
||
| 583 |
_aCondition reviewed _c20120620 _lcondition level 1 |
||
| 651 | 4 |
_aGreat Britain _y1707- |
|
| 690 |
_aMeasurement _96256 |
||
| 700 | 1 |
_aBonnycastle, John _d1750?-1821 |
|
| 942 | _n0 | ||
| 999 |
_c114208 _d114208 |
||